000
00339nam a2200145Ia 4500
008
150201s2009 xx 000 0 und d
082
_a
617.7
_b
B09J
100
_a
JOGI, RENU
245
_a
BASIC OPTHALMOLOGY
250
_a
4TH
260
_b
JAYPEE BROTHERS
_a
DELHI
_c
2009
300
_a
1-502
650
_a
OPHTHALMOLOGY
942
_2
ddc
_c
BK
_0
10
999
_c
104
_d
104